Public health administration
Sábháilte in:
| Príomhchruthaitheoir: | |
|---|---|
| Formáid: | Anaithnid |
| Foilsithe / Cruthaithe: |
New Delhi
Sterling Publishers Private Limited
1984
|
| Rochtain ar líne: | Visit NHRC Library |
| Clibeanna: |
Cuir clib leis
Níl clibeanna ann, Bí ar an gcéad duine le clib a chur leis an taifead seo!
|
| LEADER | 00568 a2200181 4500 | ||
|---|---|---|---|
| 003 | 86 | ||
| 005 | 20220906184533.0 | ||
| 952 | |0 0 |1 0 |2 lcc |4 0 |6 WA 00525/GOE/01984 |7 0 |9 215 |a NHRC |b NHRC |c CART |d 2012-04-03 |l 0 |o WA 525/GOE/1984 |p 000086 |r 2012-04-03 |w 2012-04-03 |y BK | ||
| 999 | |c 213 |d 213 | ||
| 060 | |a WA 525 | ||
| 100 | |a Goel, S.L. |9 4119 | ||
| 245 | |a Public health administration | ||
| 260 | |a New Delhi |b Sterling Publishers Private Limited |c 1984 | ||
| 300 | |a 472p. |b xiii | ||
| 500 | |a Book | ||
| 546 | |a Eng. | ||
| 856 | |u http://nhrc.gov.np/contact/ |y Visit NHRC Library | ||
| 942 | |2 NLM |c BK | ||